| 000 | 00794nam a22002292 4500 | ||
|---|---|---|---|
| 001 | 0000005175 | ||
| 005 | 20151217154351.0 | ||
| 008 | 070608s xx 000 0 eng d | ||
| 020 |
_a8120321308 : _cKES 1,025 |
||
| 040 |
_aKABU _cKABU |
||
| 050 | 0 |
_aTK5105.5 _b.M36 2002 |
|
| 100 | 1 |
_aMansfield, Kenneth C. _@0000156324 |
|
| 245 | 1 | 3 |
_aAn Introduction to computer networking / _cKenneth C. Mansfield, Jr., James L. Antonakos. |
| 260 |
_aNew Delhi : _bPrentice Hall of India, _cc2002. |
||
| 300 |
_axi, 596 p. ; _c24 cm. + _e1 computer laser optical disc (43/4 in.) |
||
| 500 | _aIncludes index. | ||
| 650 | 0 |
_aComputer networks. _@0000148214 |
|
| 700 | 1 |
_aAntonakos, James L. _@0000154861 |
|
| 908 | _a070608 | ||
| 950 | _@1 | ||
| 999 |
_c10826 _d10826 |
||